LEADER 01224nam a2200277 u 4500 001 000000011548 003 CaOOAMICUS 005 20070226105434.0 008 940516s1992 it u000 u ita u 035 $a10283250 040 $aPUL(R)$bita 100 1 $aLaurenti, Renato.$0(OLS)http://pul/name/3280 245 10$aIntroduzione alla Politica di Aristotele /$cRenato Laurenti. 260 $aRoma :$bL'Officina Tipografica,$c1992. 300 $a158 p. ;$c22 cm 490 1 $aMomenti e problemi della storia del pensiero ;$v1 500 $aSul front.: "Istituto italiano per gli studi filosofici". 504 $aBibliografia in nota. 600 04$aAristoteles,$d384-322 a.C.$tAthenensium Respublica$9(Aristoteles, 384-322 a.C.).$0(OLS)http://pul/subject/5515 830 0$aMomenti e problemi della storia del pensiero ;$v1.$0(OLS)http://pul/title/16733 850 $aPUL 852 $aPUL$W1$xSL Filosofia 1$y2$m82 F 55$j16324$nBK-PRI$b $qStampati$B16324$CPULBib$Z2$F16324 $H $81 941 1 $a8 961 $aINV: 69740 996 $6245$aIntroduzione alla Politica di Aristotele$9(OLS)http://pul/title/16732 996 $6260$aRoma :$bL'Officina Tipografica$9(OLS)http://pul/publisher/53326 LEADER 00950naa a2200217 u 4500 001 000000103732 003 CaOOAMICUS 005 20070226130217.0 008 061127s1924 it u000 u ger u 035 $a11108324 040 $aIAR$bita 100 1 $aPelster, Franz,$cS.I.,$d1880-1956.$0(OLS)http://pul/name/14649 245 10$aHeinrich von Harclai, Kanzler von Oxford, und seine Quästionen /$cFranz Pelster, S.J. 260 $aRoma :$bBiblioteca apostolica vaticana,$c1924. 300 $av.1, p. 307-356 ;$c26 cm 500 $aIAR: CLA.29 600 04$aHenricus de Harcley,$cca.1270-1317.$0(OLS)http://pul/subject/33045 773 0 $aMiscellanea Francesco Ehrle. 773 0 $tMiscellanea Francesco Ehrle : scritti di storia e paleografia$g37-42$w()20470 996 $6245$aHeinrich von Harclai, Kanzler von Oxford, und seine Quästionen$9(OLS)http://pul/title/130636 996 $6260$aRoma :$bBiblioteca apostolica vaticana$9(OLS)http://pul/publisher/56627